00736nam a2200217Ia 450000500170000000800410001702000150005804000560007304100080012910000170013724501060015426000510026030000180031165000270032965000310035665000320038765000150041970000330043470000200046776500310048720211111074552.0130821s2004 ck gr spa  a9587041550 aCO-BoUCMbspacJose A. Gerena (modificó)d[Nuevo]00aspa1 aKovach, Bill14aLos elementos del periodismocBill Kovach y Tom Rosenstiel ; traducción Amado Diéguez Rodríguez aBogotá (Colombia)bEdiciones El Paísc2004 a284 páginas07aÉtica periodística07aFilosofía del periodismo07aPeriodismo como profesión07aPeriodismo1 aDiéguez Rodríguez, Amado1 aRosenstiel, Tom 4aThe elements of journalism